000 00652nam a2200217Ia 4500
003 GCL
008 140319s9999 xx 000 0 ara d
020 _a5161302977
040 _aGCL /
_cGCL
082 0 4 _a701.18
_bم ت
100 1 _aمحمود البسيونى
245 1 0 _aتربية الذوق الجمالى /
_cمحمود البسيونى
260 _aالقاهرة :
_bدار المعارف ،
_c1986
300 _a230 ص ؛
_c24 سم
650 0 4 _aالفنون
650 0 4 _aالتذوق الفنى
650 0 4 _aالتربية الفنية
650 0 4 _aالجمال - فن
650 0 4 _aالنقد الفنى
942 _2ddc
_cBK
999 _c32684
_d32684